Mengenal mengenali iltizam [ 13 Disember 2011

Bibliographic Details
Corporate Author: INSPEN (Institut Penilaian Negara)
Format: Book
Language:Malay
Published: Kajang : INSPEN , 2011

MARC

LEADER 00000cam a2200000 7i4500
001 0000024258
005 20120404.0
008 120403 my v may
040 |a INS 
090 0 0 |a VCD 1995 
245 1 0 |a Mengenal mengenali iltizam [  |h cakera video] :   |b 13 Disember 2011 
260 |a Kajang :   |b INSPEN ,   |c 2011 
300 |a 1 cakera video () :   |b by., wrn. ;   |c 4 3/4 in. 
500 |a Sesi 1 
710 1 |a INSPEN (Institut Penilaian Negara) 
999 |a VCD0001995   |b DIGITAL VIDEO CD   |c Media Collection   |e Default branch